000 00548nam a2200157 4500
001 123110
003 ES-MaACL
005 20230906192119.0
007 t|
008 070214q1969 sp r ||||0| spa d
110 1 _aEspaña.
_bCortes Españolas.
_bComisión de Educación y Ciencia.
_93665
245 1 0 _aProyecto de Ley General de Educación y financiamiento de la reforma educativa.
260 _aMadrid :
_bCortes Españolas, Comisión de Educación y Ciencia,
_c[1969?]
300 _a6 v ;
_c30 cm.
852 _aES-MaACL
_jC-42573-78
_bR.77636
999 _c123110
_d123110